000 00385 a2200169 4500
001 71197
020 _a8526246070
040 _cAnchieta - Colégio São Paulo
100 _aWilde, Oscar
240 1 0 _aO fantasma de Canterville
_lpor
245 1 0 _aO fantasma de Canterville
300 _a105
362 0 _a2003
440 1 _aScipione
650 4 _aLiteratura juvenil
942 _cBK
999 _c71197
_d71197